Normal view MARC view

Entry Personal Name

Number of records used in: 2

001 - CONTROL NUMBER

  • control field: 541601

003 - CONTROL NUMBER IDENTIFIER

  • control field: OSt

005 - DATE AND TIME OF LATEST TRANSACTION

  • control field: 20220930081558.0

008 - FIXED-LENGTH DATA ELEMENTS

  • fixed length control field: 220930|| aca||aabn | a|a d

040 ## - CATALOGING SOURCE

  • Original cataloging agency: OSt
  • Transcribing agency: OSt

100 ## - HEADING--PERSONAL NAME

  • Personal name: Menaria Swadhin

670 ## - SOURCE DATA FOUND

  • Source citation: Work cat.: (OSt)871650: Menaria Swadhin, Comparative clinical study of patients with coexistent open angle glaucoma and cataract undergoing combined surgery by phacoemulsification and trabeculectomy (Mitomycin-C augmented) and phacoemulsification with ahmed glaucoma valve implantation, 2009
Copyright @ Delhi University Library System